| 000 | 01149nam a2200277 i 4500 | ||
|---|---|---|---|
| 001 | 51893 | ||
| 003 | ES-MaACL | ||
| 005 | 20250811063135.0 | ||
| 007 | t| | ||
| 008 | 030820s1934 fr ||||1| fre d | ||
| 080 | _a(447.95 Béarn) | ||
| 100 | 1 |
_aDartigue, Charles, _d1887-1964 _eaut _942761 |
|
| 245 | 1 | 3 |
_aLa Vicomté du Béarn sous le règne d'Henri d'Albret : _b1517-1555 / _cCharles Dartigue-Peyrou |
| 260 |
_aParis : _bSociété d'édition les Belles Lettres, _c1934 _e(Le Puy : _fImp. la Haute-Loire) |
||
| 300 |
_a640 páginas, 4 planos ; _c25 cm |
||
| 490 | 1 |
_aPublications de la Faculté des lettres de l'Université de Strasbourg _v67 _9184104 |
|
| 594 | _aPrecede al tít.: Un petit pays souverain au XVIe siècle | ||
| 600 | 0 | 4 |
_aEnrique _bII, _cRey de Navarra _9156279 |
| 651 | 7 |
_aBéarn (Francia, Región)- _xHistoria _9156280 |
|
| 740 | 3 | 2 | _aUn petit pays souverain au XVIe siècle |
| 830 | 0 |
_aPublications de la Faculté des lettres de l'Université de Strasbourg _v67 _9184104 |
|
| 852 |
_aES-MaACL _cSPP1 _jA-2938 |
||
| 942 |
_2udc _cMONOGRAFIA _n0 |
||
| 999 |
_c51893 _d51893 |
||